Fototip časopis pre fotografov a ostatných záujemcov o fotografiu

Bibliographic Details
Other Authors: Svítková, Marta (Publishing director)
Format: Journal
Language:Slovak
PhysicalDescription:14 zv. 24-30 cm
Published: Banská Bystrica Garmond 1994-2007
Banská Bystrica Občianske združenie priaznivcov fotografie
ISSN:1335-0773
Subjects:

MARC

LEADER 00000cas a22000001a 4500
001 vtls001468137
003 SK-MaSNL
005 20260228160924.0
008 160805d19942007xo mr|p 0 0b0slo d
022 |a 1335-0773 
035 |a SNK000423442 
035 |a (SVKBB03)vtls000030146 
040 |a SNK  |b slo  |c SNK  |d SVKBB  |e AACR2 
041 0 |a slo 
044 |a xo  |c SK 
072 7 |a 77  |x Fotografia. Fotografické postupy  |2 konspekt 
080 |a 050  |2 2001 
080 |a 77  |2 2001 
080 |a 771.3  |2 2001 
210 0 |a Fototip  |b (Banská Bystrica) 
222 0 |a Fototip  |b (Banská Bystrica) 
245 0 0 |a Fototip  |b časopis pre fotografov a ostatných záujemcov o fotografiu 
260 |a Banská Bystrica  |b Garmond  |c 1994-2007 
260 3 |3 3/2005-2007  |a Banská Bystrica  |b Občianske združenie priaznivcov fotografie 
300 |a 14 zv.  |c 24-30 cm 
310 |a 1x mesačne  |b 1997-2007 
321 |a 6x ročne  |b 1994-1996 
362 0 |a Roč. 1, č. 1 (aug. 1994)-[č.] 9 (2007) 
500 |a V r. 2007 pozastavené vydávanie 
500 |a Šéfredaktor: 1/1994-9/2007, Marta Svítková 
500 |a Zmena podnázvu od 2/1994: dvojmesačník pre fotografov a ostatných záujemcov o fotografiu ; od 2/1995-5/1995: časopis pre záujemcov o fotografiu ; od 1/1996-9/2007: časopis pre priaznivcov fotografie 
500 |a V r. 1996 zmena formátu 30 cm 
515 |a Niektoré čísla vychádzajú ako dvojčíslo 
650 0 7 |a fotografovanie  |2 SNKPH  |9 3158 
650 0 7 |a fotografické techniky  |2 SNKPH  |9 78242 
650 0 7 |a fotoaparáty  |2 SNKPH  |9 13335 
650 0 7 |a Photography  |2 SNKPHeng  |9 266313 
650 0 7 |a Phototechnics  |2 SNKPHeng  |9 267602 
650 0 7 |a Photographic apparatus  |2 SNKPHeng  |9 267603 
655 7 |a odborné časopisy  |2 SNKPH  |9 70505 
655 7 |a Professional journals  |2 SNKPHeng  |9 265007 
700 1 |a Svítková, Marta  |4 pbd  |9 267604 
850 |a Slovenská chemická knižnica v Bratislave 
910 |a SCHK95 
910 |a snk 
916 |a 1994-2007 
999 |c 3919  |d 5849 
952 |0 0  |1 0  |4 0  |7 0  |8 0  |a SNK  |b SNK  |d 2010-02-15  |i snk2010/3022  |l 0  |o snkČSC 3298/14/2007 D1  |p 17A0635375  |r 2026-02-21 19:31:37  |t č. 1-9  |w 2026-02-21  |y PREZ 
952 |0 0  |1 0  |4 0  |7 0  |8 0  |a SNK  |b SNK  |d 2010-02-15  |f 1  |i snk2010/2998  |l 0  |o snkČSC 3298/8/2001  |p 17A0635362  |r 2026-02-21 19:31:38  |t č. 1-12  |w 2026-02-21  |y PREZ 
952 |0 0  |1 0  |4 0  |7 0  |8 0  |a SNK  |b SNK  |d 2010-02-15  |i snk2010/3000  |l 0  |o snkČSC 3298/8/2001 D1  |p 17A0635363  |r 2026-02-21 19:31:38  |t č. 1-12  |w 2026-02-21  |y PREZ 
952 |0 0  |1 0  |4 0  |7 0  |8 0  |a SNK  |b SNK  |d 2010-02-15  |f 1  |i snk2010/3008  |l 0  |o snkČSC 3298/9/2002  |p 17A0635364  |r 2026-02-21 19:42:45  |t č. 1-12  |w 2026-02-21  |y PREZ 
952 |0 0  |1 0  |4 0  |7 0  |8 0  |a SNK  |b SNK  |d 2010-02-15  |i snk2010/3010  |l 0  |o snkČSC 3298/9/2002 D1  |p 17A0635365  |r 2026-02-21 19:42:45  |t č. 1-12  |w 2026-02-21  |y PREZ 
952 |0 0  |1 0  |4 0  |7 0  |8 0  |a SNK  |b SNK  |d 2010-02-15  |f 1  |i snk2010/3011  |l 0  |o snkČSC 3298/10/2003  |p 17A0635366  |r 2026-02-21 19:42:45  |t č. 1-12  |w 2026-02-21  |y PREZ 
952 |0 0  |1 0  |4 0  |7 0  |8 0  |a SNK  |b SNK  |d 2010-02-15  |i snk2010/3013  |l 0  |o snkČSC 3298/10/2003 D1  |p 17A0635367  |r 2026-02-21 19:42:47  |t č. 1-12  |w 2026-02-21  |y PREZ 
952 |0 0  |1 0  |4 0  |7 0  |8 0  |a SNK  |b SNK  |d 2010-02-15  |f 1  |i snk2010/3014  |l 0  |o snkČSC 3298/11/2004  |p 17A0635368  |r 2026-02-21 19:42:47  |t č. 1-12  |w 2026-02-21  |y PREZ 
952 |0 0  |1 0  |4 0  |7 0  |8 0  |a SNK  |b SNK  |d 2010-02-15  |i snk2010/3015  |l 0  |o snkČSC 3298/11/2004 D1  |p 17A0635369  |r 2026-02-21 19:42:48  |t č. 1-12  |w 2026-02-21  |y PREZ 
952 |0 0  |1 0  |4 0  |7 0  |8 0  |a SNK  |b SNK  |d 2010-02-15  |f 1  |i snk2010/3016  |l 0  |o snkČSC 3298/12/2005  |p 17A0635370  |r 2026-02-21 19:42:48  |t č. 1-12  |w 2026-02-21  |y PREZ 
952 |0 0  |1 0  |4 0  |7 0  |8 0  |a SNK  |b SNK  |d 2010-02-15  |i snk2010/3017  |l 0  |o snkČSC 3298/12/2005 D1  |p 17A0635371  |r 2026-02-21 19:42:48  |t č. 1-12  |w 2026-02-21  |y PREZ 
952 |0 0  |1 0  |4 0  |7 0  |8 0  |a SNK  |b SNK  |d 2010-02-15  |f 1  |i snk2010/3019  |l 0  |o snkČSC 3298/13/2006  |p 17A0635372  |r 2026-02-21 19:42:48  |t č. 1-12  |w 2026-02-21  |y PREZ 
952 |0 0  |1 0  |4 0  |7 0  |8 0  |a SNK  |b SNK  |d 2010-02-15  |i snk2010/3020  |l 0  |o snkČSC 3298/13/2006 D1  |p 17A0635373  |r 2026-02-21 19:42:48  |t č. 1-12  |w 2026-02-21  |y PREZ 
952 |0 0  |1 0  |4 0  |7 0  |8 0  |a SNK  |b SNK  |d 2010-02-15  |f 1  |i snk2010/3021  |l 0  |o snkČSC 3298/14/2007  |p 17A0635374  |r 2026-02-21 19:42:48  |t č. 1-9  |w 2026-02-21  |y PREZ 
952 |0 0  |1 0  |4 0  |7 0  |a SNK  |b SNK  |d 2022-06-06  |i snk2002/2604  |l 0  |o snkČSC 3298/6/1999 D1  |p 17A1316706  |r 2026-02-21 20:12:05  |t č. 1-12  |w 2026-02-21  |y PREZ  |z č. 1-12 
952 |0 0  |1 0  |4 0  |7 0  |a SNK  |b SNK  |d 2002-10-18  |f 1  |i snkČSP 358/2000  |l 0  |o snkČSC 3298/4/1997  |p 17A0360154  |r 2005-01-02 00:00:00  |t č. 1-12  |w 2026-02-21  |y PREZ 
952 |0 0  |1 0  |4 0  |7 0  |a SNK  |b SNK  |d 2000-12-12  |l 0  |o snkČSC 3298/5/1998 D1  |p 17A0262681  |r 2005-01-02 00:00:00  |t č. 1-12  |w 2026-02-21  |y PREZ 
952 |0 0  |1 0  |4 0  |7 0  |a SNK  |b SNK  |d 2001-09-29  |f 1  |i snkČSP 358/2000  |l 0  |o snkČSC 3298/5/1998  |p 17A0152637  |r 2005-01-02 00:00:00  |t č. 1-12  |w 2026-02-21  |y PREZ 
952 |0 0  |1 0  |4 0  |7 0  |a SNK  |b SNK  |d 2002-10-31  |f 1  |i snkČSP 3786/99  |l 0  |o snkČSC 3298/2/1995  |p 17A0362633  |r 2005-01-02 00:00:00  |t č. 1-5  |w 2026-02-21  |y PREZ 
952 |0 0  |1 0  |4 0  |7 0  |a SNK  |b SNK  |d 2002-10-31  |f 1  |i snkČSP 3788/99  |l 0  |o snkČSC 3298/1/1994  |p 17A0362634  |r 2005-01-02 00:00:00  |t č. 1-3  |w 2026-02-21  |y PREZ 
952 |0 0  |1 0  |4 0  |7 0  |a SNK  |b SNK  |d 2002-10-31  |f 1  |i snkČSP 356/2000  |l 0  |o snkČSC 3298/3/1996  |p 17A0362630  |r 2005-01-02 00:00:00  |t č. 1-6  |w 2026-02-21  |y PREZ 
952 |0 0  |1 0  |4 0  |7 0  |a SNK  |b SNK  |d 2002-10-31  |l 0  |o snkČSC 3298/4/1997 D1  |p 17A0362632  |r 2005-01-02 00:00:00  |t č. 1-12  |w 2026-02-21  |y PREZ 
952 |0 0  |1 0  |4 0  |7 0  |a SNK  |b SNK  |d 2002-12-11  |l 0  |o snkČSC 3298/1/1994 D1  |p 17A0369468  |r 2005-01-02 00:00:00  |t č. 1-3  |w 2026-02-21  |y PREZ 
952 |0 0  |1 0  |4 0  |7 0  |a SNK  |b SNK  |d 2002-12-11  |l 0  |o snkČSC 3298/2/1995 D1  |p 17A0369416  |r 2005-01-02 00:00:00  |t č. 1-5  |w 2026-02-21  |y PREZ 
952 |0 0  |1 0  |4 0  |7 0  |a SNK  |b SNK  |d 2002-12-11  |l 0  |o snkČSC 3298/3/1996 D1  |p 17A0369073  |r 2005-01-02 00:00:00  |t č. 1-6  |w 2026-02-21  |y PREZ 
952 |0 0  |1 0  |4 0  |7 0  |a SNK  |b SNK  |d 2014-05-29  |f 1  |i snkČSP 2603/2002  |l 0  |o snkČSC 3298/6/1999  |p 17A1029542  |r 2026-02-21 21:14:32  |t č. 1-12  |w 2026-02-21  |y PREZ 
952 |0 0  |1 0  |4 0  |7 0  |8 0  |a SNK  |b SNK  |d 2008-12-05  |f 1  |i snk2008/23176  |l 0  |o snkČSC 3298/7/2000  |p 17A0463469  |r 2026-02-21 21:23:09  |t č. 1-12  |w 2026-02-21  |y PREZ 
952 |0 0  |1 0  |4 0  |7 0  |8 0  |a SNK  |b SNK  |d 2008-12-05  |i snk2008/23177  |l 0  |o snkČSC 3298/7/2000 D1  |p 17A0463470  |r 2026-02-21 21:23:09  |t č. 1-12  |w 2026-02-21  |y PREZ